| 000 | 01308nam a22002537a 4500 | ||
|---|---|---|---|
| 003 | OSt | ||
| 005 | 20230824095046.0 | ||
| 008 | 221006b |||||||| |||| 00| 0 eng d | ||
| 040 | _cBiblioteca Lado V | ||
| 082 |
_a707 _bG633c |
||
| 100 |
_9966 _aGómez, Pedro Pablo _eeditor |
||
| 245 |
_aCalle14 | Revista de investigación en el campo del arte/ _bLa cuestión estética y la(s) estética(s) en cuestión/ |
||
| 260 |
_bColombia _aUniversidad Distrital Francisco José de Caldas _c2011 |
||
| 300 |
_c23x30cm _a160p. |
||
| 490 |
_a7 _v5 _x2011-3757 |
||
| 505 | _tEDITORIAL | ||
| 505 |
_aDE VÍRGULA A BRAGUETA _tAUTOR INVITADO |
||
| 505 |
_aLA IDEA DE LO TREMENDO
FORMAS DE PRODUCCIÓN DEL DESEO EN LA EDUCACIÓN MUSICAL UNIVERSITARIA
DE LA GENEALOGÍA DEL ARTE
"TERAPIA" A LA PREGUNTA FILOSÓFICA
POSTALES AUDIOVISUALES
DEL MITO CREACIONISMO AL MITO FUTURISTA _tSECCIÓN CENTRAL |
||
| 505 |
_a"NEOPTIKS"
XX SALÓN DE ARTISTAS NACIONALES VS. SALÓN NACIONAL 1969
EL MUSEO COMO REPRESENTACIÓN DE LOS CONFLICTOS CULTURALES _tSECCIÓN TRANSVERSAL |
||
| 650 |
_2Tesauro de Arte & Arquitectura _aARTE |
||
| 650 |
_2Tesauro de Arte & Arquitectura _aINVESTIGACIÓN _9702 |
||
| 650 |
_2Tesauro de Arte & Arquitectura _aESTÉTICA _9703 |
||
| 942 |
_2ddc _c1 _h707 _iG633e _n0 |
||
| 999 |
_c4209 _d4209 |
||